[Event "Paracin Summer op-A 12th"]
[Site "Paracin"]
[Date "2019.07.06"]
[Round "2"]
[White "Gallevci, Yagiz"]
[Black "Banovic, Ivan"]
[Result "1/2-1/2"]
[WhiteElo "2036"]
[BlackElo "2227"]
[PlyCount "60"]
[EventDate "2019.07.05"]
[EventType "swiss"]
[EventRounds "9"]
[EventCountry "SRB"]
[SourceTitle "EXT 2020"]
[Source "ChessBase"]
[SourceDate "2019.10.17"]
[SourceVersion "1"]
[SourceVersionDate "2019.10.17"]
[SourceQuality "1"]

1. e4 c5 2. Nf3 Nc6 3. d4 cxd4 4. Nxd4 g6 5. c4 Bg7 6. Be3 d6 7. Nc3 Nf6 8. Be2 0-0 9. 0-0 Bd7 10. Qd2 Nxd4 11. Bxd4 Bc6 12. f3 a5 13. b3 Nd7 14. Be3 Nc5 15. Rab1 Qb6 16. Rfc1 Qb4 17. Rc2 Rfc8 18. Qc1 Qb6 19. Bf1 Qd8 20. Qd2 h5 21. a3 Kh7 22. b4 axb4 23. axb4 Na4 24. Ne2 Qf8 25. Bf2 Bh6 26. Qd3 Qd8 27. Qb3 Bd7 28. Nd4 Kg8 29. Qd3 Rab8 30. Nb3 b6 1/2-1/2

[Event "Vojvodina op 9th"]
[Site "Novi Sad"]
[Date "2018.07.26"]
[Round "8"]
[White "Otawa, Yuto"]
[Black "Banovic, Ivan"]
[Result "0-1"]
[WhiteElo "2140"]
[BlackElo "2224"]
[PlyCount "118"]
[EventDate "2018.07.22"]
[EventType "swiss"]
[EventRounds "9"]
[EventCountry "YUG"]
[SourceTitle "CBM 185 Extra"]
[Source "ChessBase"]
[SourceDate "2018.07.29"]
[SourceVersion "1"]
[SourceVersionDate "2018.07.29"]
[SourceQuality "1"]

1. d4 Nf6 2. c4 g6 3. Nc3 Bg7 4. e4 0-0 5. f3 c6 6. Be3 d5 7. e5 Ne8 8. f4 dxc4 9. Bxc4 Nc7 10. Nf3 Be6 11. Bxe6 Nxe6 12. Qb3 Qb6 13. Qxb6 axb6 14. 0-0 Nc7 15. Rfd1 Nd5 16. Kf2 Rd8 17. a3 Na6 18. Nxd5 Rxd5 19. g4 Nc7 20. Nd2 Rdd8 21. Ne4 Ra5 22. h4 f5 23. gxf5 gxf5 24. Ng3 e6 25. Rg1 Kf7 26. Kf3 Nd5 27. Rg2 Bh6 28. Ne2 Rg8 29. Rxg8 Kxg8 30. h5 Bf8 31. Rc1 Kf7 32. Ng1 Ra4 33. Nh3 h6 34. Bf2 b5 35. Ng1 Rc4 36. Ne2 Be7 37. Be1 Rxc1 38. Nxc1 Ke8 39. Nd3 Nb6 40. Bb4 Nc4 41. Bxe7 Kxe7 42. Ke2 b6 43. Kf3 Kd7 44. Ke2 Kc7 45. Kf2 Nd2 46. Ke3 Ne4 47. Kf3 c5 48. dxc5 bxc5 49. Ke3 Kc6 50. b4 c4 51. Ne1 Kd5 52. Nc2 Ng3 53. Ne1 Nxh5 54. Nf3 Ng3 55. Kf2 c3 56. Ne1 Ne4+ 57. Ke3 Kc4 58. Nc2 h5 59. Ke2 h4 0-1

[Event "Vojvodina op 9th"]
[Site "Novi Sad"]
[Date "2018.07.25"]
[Round "7"]
[White "Banovic, Ivan"]
[Black "Budisavljevic, Luka"]
[Result "0-1"]
[WhiteElo "2224"]
[BlackElo "2324"]
[PlyCount "54"]
[EventDate "2018.07.22"]
[EventType "swiss"]
[EventRounds "9"]
[EventCountry "YUG"]
[SourceTitle "CBM 185 Extra"]
[Source "ChessBase"]
[SourceDate "2018.07.29"]
[SourceVersion "1"]
[SourceVersionDate "2018.07.29"]
[SourceQuality "1"]

1. d4 Nf6 2. c4 a6 3. Qc2 c5 4. d5 d6 5. e4 e6 6. Nc3 g6 7. Be2 Bg7 8. Nf3 exd5 9. cxd5 b5 10. a4 b4 11. Nd1 Bg4 12. h3 Bxf3 13. Bxf3 Qe7 14. 0-0 Nfd7 15. Ne3 0-0 16. Bd2 Re8 17. Rfe1 Bd4 18. Rad1 Ne5 19. Be2 Qh4 20. Rf1 h5 21. Rde1 Nbd7 22. b3 Nf6 23. f3 Qg3 24. Bd1 Kg7 25. Re2 h4 26. Be1 Qf4 27. Kh1 Bxe3 0-1

[Event "Vojvodina op 9th"]
[Site "Novi Sad"]
[Date "2018.07.24"]
[Round "5"]
[White "Banovic, Ivan"]
[Black "Nomin Erdene, Davaademberel"]
[Result "0-1"]
[WhiteElo "2224"]
[BlackElo "2371"]
[PlyCount "78"]
[EventDate "2018.07.22"]
[EventType "swiss"]
[EventRounds "9"]
[EventCountry "YUG"]
[SourceTitle "CBM 185 Extra"]
[Source "ChessBase"]
[SourceDate "2018.07.29"]
[SourceVersion "1"]
[SourceVersionDate "2018.07.29"]
[SourceQuality "1"]

1. d4 f5 2. g3 Nf6 3. Bg2 g6 4. Nf3 Bg7 5. 0-0 0-0 6. c4 d6 7. Nc3 c6 8. Qc2 Na6 9. a3 Qe8 10. d5 Nc5 11. Rd1 Bd7 12. Be3 Nce4 13. Nxe4 Nxe4 14. Bd4 Nf6 15. Bc3 Rc8 16. Nd4 Ng4 17. Qd2 Qf7 18. e3 Nf6 19. Ne2 Ne4 20. Qe1 Nxc3 21. Nxc3 g5 22. f4 h6 23. Rac1 Rce8 24. Qd2 e5 25. dxc6 Bxc6 26. Bxc6 bxc6 27. Qxd6 exf4 28. exf4 Qxc4 29. Qd3 Qc5+ 30. Kg2 gxf4 31. gxf4 Re6 32. Re1 Rg6+ 33. Kh1 Qf2 34. Rg1 Rff6 35. Na4 Rd6 36. Qf1 Rxg1+ 37. Qxg1 Qxf4 38. Nc3 Rd2 39. Rf1 Rxh2+ 0-1

[Event "SRB-ch sf"]
[Site "Zrenjanin"]
[Date "2018.02.16"]
[Round "1"]
[White "Ivic, Velimir"]
[Black "Banovic, Ivan"]
[Result "1-0"]
[WhiteElo "2415"]
[BlackElo "2214"]
[PlyCount "73"]
[EventDate "2018.02.16"]
[EventType "swiss"]
[EventRounds "9"]
[EventCountry "SRB"]
[SourceTitle "CBM 183 Extra"]
[Source "ChessBase"]
[SourceDate "2018.04.19"]
[SourceVersion "1"]
[SourceVersionDate "2018.04.19"]
[SourceQuality "1"]

1. e4 c5 2. Nf3 d6 3. d4 cxd4 4. Nxd4 Nf6 5. Nc3 g6 6. Be3 Bg7 7. f3 0-0 8. Qd2 Nc6 9. 0-0-0 Nxd4 10. Bxd4 Be6 11. g4 Qa5 12. a3 Rfc8 13. h4 Rab8 14. h5 b5 15. hxg6 hxg6 16. Qg5 Qc7 17. e5 dxe5 18. Bxe5 Qc5 19. f4 Ne4 20. Bxg7 Qxg5 21. fxg5 Nf2 22. Be5 Nxh1 23. Rd2 f6 24. Bxb8 Rxb8 25. Bg2 Ng3 26. Rd3 Bxg4 27. Rxg3 f5 28. Re3 Kf7 29. Nd5 e6 30. Nf4 Rd8 31. Rd3 Rxd3 32. Nxd3 Ke7 33. Ne5 Bh5 34. Bf3 Bxf3 35. Nxf3 Kd6 36. Kd2 e5 37. Nh4 1-0

[Event "Vojvodina op 8th"]
[Site "Novi Sad"]
[Date "2017.07.19"]
[Round "4"]
[White "Markovic, Miroslav"]
[Black "Banovic, Ivan"]
[Result "1-0"]
[WhiteElo "2462"]
[BlackElo "2208"]
[PlyCount "55"]
[EventDate "2017.07.16"]
[EventType "swiss"]
[EventRounds "9"]
[EventCountry "SRB"]
[SourceTitle "EXT 2018"]
[Source "ChessBase"]
[SourceDate "2017.10.13"]
[SourceVersion "1"]
[SourceVersionDate "2017.10.13"]
[SourceQuality "1"]

1. e4 c5 2. Nf3 d6 3. g3 Nc6 4. Bg2 Nf6 5. d3 g6 6. 0-0 Bg7 7. Re1 Bg4 8. c3 0-0 9. h3 Bxf3 10. Bxf3 Nd7 11. Bg2 Rb8 12. Be3 b5 13. d4 cxd4 14. cxd4 Nb6 15. b3 d5 16. e5 e6 17. Nd2 Nc8 18. h4 h5 19. Nf3 N8e7 20. Bh3 Qd7 21. Qd2 Nf5 22. Bg5 Rfc8 23. g4 hxg4 24. Bxg4 Bf8 25. h5 Nb4 26. Bxf5 exf5 27. Bf6 Rc2 28. Qg5 1-0

[Event "Vojvodina op 8th"]
[Site "Novi Sad"]
[Date "2017.07.17"]
[Round "2"]
[White "Atalik, Suat"]
[Black "Banovic, Ivan"]
[Result "1-0"]
[WhiteElo "2525"]
[BlackElo "2208"]
[PlyCount "59"]
[EventDate "2017.07.16"]
[EventType "swiss"]
[EventRounds "9"]
[EventCountry "SRB"]
[SourceTitle "CBM 180"]
[Source "ChessBase"]
[SourceDate "2017.09.13"]
[SourceVersion "1"]
[SourceVersionDate "2017.09.13"]
[SourceQuality "1"]

1. d4 Nf6 2. c4 g6 3. Nc3 Bg7 4. e4 d6 5. Be2 0-0 6. Bg5 c5 7. d5 e6 8. Nf3 h6 9. Be3 exd5 10. cxd5 Bg4 11. Nd2 Bxe2 12. Qxe2 a6 13. a4 Re8 14. 0-0 Nbd7 15. Kh1 h5 16. h3 Qc7 17. f3 b6 18. Rac1 Qd8 19. g4 hxg4 20. hxg4 Nh7 21. Kg2 f5 22. gxf5 gxf5 23. Rh1 Qf6 24. Rh2 f4 25. Bf2 Qg6+ 26. Kh1 Ng5 27. Rg1 Kf7 28. Bh4 Bf6 29. Nc4 Ke7 30. e5 1-0

[Event "Vojvodina-ch 7th"]
[Site "Novi Sad"]
[Date "2016.07.17"]
[Round "4"]
[White "Leskur, Dejan"]
[Black "Banovic, Ivan"]
[Result "1-0"]
[WhiteElo "2392"]
[BlackElo "2194"]
[PlyCount "83"]
[EventDate "2016.07.15"]
[EventType "swiss"]
[EventRounds "9"]
[EventCountry "YUG"]
[SourceTitle "CBM 173 Extra"]
[Source "ChessBase"]
[SourceDate "2016.08.29"]
[SourceVersion "1"]
[SourceVersionDate "2016.08.29"]
[SourceQuality "1"]

1. d4 Nf6 2. Nf3 g6 3. Bg5 Bg7 4. Nbd2 d5 5. e3 0-0 6. c3 b6 7. a4 a5 8. Be2 Bb7 9. 0-0 Nbd7 10. h3 h6 11. Bf4 Ne4 12. Rc1 c5 13. Qb3 Nxd2 14. Nxd2 Rc8 15. Rfd1 e6 16. Bb5 c4 17. Qa3 Bc6 18. Bxc6 Rxc6 19. b3 cxb3 20. Qxb3 Qc8 21. Rc2 Qa6 22. c4 Nf6 23. Rdc1 Rfc8 24. Be5 dxc4 25. Rxc4 Rxc4 26. Rxc4 Nd5 27. Qb5 Qa8 28. Bxg7 Kxg7 29. e4 Nc3 30. Rxc8 Qxc8 31. Qxb6 Nxa4 32. Qxa5 Qc1+ 33. Kh2 Nc3 34. Qe5+ Kg8 35. Nf3 Qc2 36. d5 exd5 37. exd5 Nxd5 38. Qxd5 Qxf2 39. Qd8+ Kg7 40. Qd7 Kg8 41. Qd2 Qa7 42. Qxh6 1-0

[Event "SRB Central-ch op-A 9th"]
[Site "Paracin"]
[Date "2016.07.12"]
[Round "7"]
[White "Mitev, Valentin"]
[Black "Banovic, Ivan"]
[Result "1-0"]
[WhiteElo "2073"]
[BlackElo "2194"]
[PlyCount "70"]
[EventDate "2016.07.07"]
[EventType "swiss"]
[EventRounds "9"]
[EventCountry "SRB"]
[SourceTitle "CBM 173 Extra"]
[Source "ChessBase"]
[SourceDate "2016.08.29"]
[SourceVersion "1"]
[SourceVersionDate "2016.08.29"]
[SourceQuality "1"]

1. d4 Nf6 2. Bg5 Ne4 3. Bf4 c5 4. f3 Qa5+ 5. c3 Nf6 6. Nd2 cxd4 7. Nb3 Qd8 8. cxd4 d5 9. e3 e6 10. Bd3 Bb4+ 11. Nd2 0-0 12. a3 Bd6 13. Ne2 b6 14. b4 Bb7 15. g4 Qe7 16. Bxd6 Qxd6 17. g5 Nfd7 18. f4 Kh8 19. Ng3 Rc8 20. Qh5 g6 21. Qe2 Nc6 22. h4 Kg7 23. h5 Nxd4 24. Qh2 Kf8 25. hxg6 hxg6 26. Qh8+ Ke7 27. Qxd4 e5 28. fxe5 Nxe5 29. Ne2 Nxd3+ 30. Qxd3 Qe5 31. Qd4 Qxg5 32. Rf1 Ba6 33. Nf3 Qh6 34. Qe5+ Kf8 35. Kf2 Rc2 1-0